[Event "SV Nürtingen - SK Schmiden/Cannstatt"]
[Site "?"]
[Date "2021.11.28"]
[Round "3.1"]
[White "Krockenberger, Martin"]
[Black "Weigand, Bernhard"]
[Result "1/2-1/2"]
[WhiteElo "2229"]
[BlackElo "2187"]
[PlyCount "20"]
[EventDate "2021.??.??"]

1. d4 e6 2. c4 f5 3. Nc3 Nf6 4. e3 Bb4 5. Qc2 b6 6. Bd3 Bb7 7. f3 c5 8. Nge2
O-O 9. O-O Nc6 10. Bd2 Qe7 1/2-1/2

[Event "Nürtingen - SK Schmiden/Cannstatt"]
[Site "?"]
[Date "2021.11.28"]
[Round "3.2"]
[White "Mareck, Sascha"]
[Black "Trachtmann, Mark"]
[Result "1/2-1/2"]
[WhiteElo "2124"]
[BlackElo "2248"]
[PlyCount "26"]
[EventDate "2021.??.??"]

1. d4 g6 2. Nf3 Bg7 3. c4 d6 4. Nc3 Bg4 5. e3 Nc6 6. Be2 e5 7. d5 Nce7 8. O-O
Nf6 9. e4 O-O 10. Ne1 Bxe2 11. Qxe2 Nd7 12. Be3 f5 13. f3 a5 1/2-1/2

[Event "SV Nürtingen - SK Schmiden/Cannstatt"]
[Site "?"]
[Date "2021.11.28"]
[Round "3.3"]
[White "Niklasch, Oliver"]
[Black "Schwarz, Arnd-Ruediger"]
[Result "1/2-1/2"]
[WhiteElo "2295"]
[BlackElo "2121"]
[PlyCount "31"]
[EventDate "2021.??.??"]

1. d4 Nf6 2. Nf3 g6 3. g3 Bg7 4. Bg2 O-O 5. O-O Nc6 6. c3 d6 7. b4 Re8 8. b5
Na5 9. Nbd2 Bf5 10. Bb2 Ne4 11. Qa4 b6 12. Rfd1 a6 13. bxa6 Bd7 14. Qc2 Nxd2
15. Nxd2 Rxa6 16. c4 1/2-1/2

[Event "SV Nürtingen - SK Schmiden/Cannstatt"]
[Site "?"]
[Date "2021.11.28"]
[Round "3.4"]
[White "Aring, Gerd"]
[Black "Loehr, Markus"]
[Result "0-1"]
[WhiteElo "2212"]
[BlackElo "2214"]
[PlyCount "54"]
[EventDate "2021.??.??"]

1. d4 Nf6 2. c4 g6 3. Nc3 d5 4. cxd5 Nxd5 5. e4 Nxc3 6. bxc3 Bg7 7. Be3 c5 8.
Rb1 O-O 9. Qd2 a6 10. Nf3 Qa5 11. c4 Qxd2+ 12. Kxd2 cxd4 13. Bxd4 Rd8 14. Kc3
Rxd4 15. Nxd4 Nc6 16. Rd1 Be6 17. f4 Bxd4+ 18. Rxd4 Nxd4 19. Kxd4 Rd8+ 20. Kc5
Rd1 21. g3 Rc1 22. Bg2 Rxc4+ 23. Kb6 Rb4+ 24. Ka7 Bxa2 25. e5 Rb2 26. Rg1 a5
27. Bxb7 Rb1 0-1

[Event "SV Nürtingen - SK Schmiden/Cannstatt"]
[Site "?"]
[Date "2021.11.28"]
[Round "3.5"]
[White "Eisele, Steffen"]
[Black "Gold, Stefan"]
[Result "1-0"]
[WhiteElo "2249"]
[BlackElo "2005"]
[PlyCount "33"]
[EventDate "2021.??.??"]

1. e4 e6 2. d4 d5 3. Nd2 dxe4 4. Nxe4 Nd7 5. Nf3 Ngf6 6. Bd3 c5 7. O-O Be7 8.
Qe2 O-O 9. dxc5 Nxc5 10. Nxc5 Bxc5 11. Bg5 Be7 12. Rad1 Qc7 13. Rfe1 Rd8 14.
Ne5 h6 15. Bf4 Qb6 16. Qd2 Bf8 17. Bh7+ 1-0

[Event "SV Nürtingen - SK Schmiden/Cannstatt"]
[Site "?"]
[Date "2021.11.28"]
[Round "3.6"]
[White "Doll, Michael"]
[Black "Scheeff, Volker"]
[Result "0-1"]
[WhiteElo "2157"]
[BlackElo "2092"]
[PlyCount "82"]
[EventDate "2021.??.??"]

1. d4 d5 2. Nf3 Nf6 3. e3 e6 4. Bd3 c5 5. b3 Bd6 6. O-O Nc6 7. Bb2 O-O 8. a3 b6
9. Ne5 Bb7 10. f4 cxd4 11. exd4 Ne7 12. Nd2 Ng6 13. Qe2 Qe7 14. g3 Rac8 15.
Rfe1 Rc7 16. c3 Re8 17. a4 a5 18. Qf1 Nf8 19. Qh3 g6 20. Re2 Nh5 21. Rae1 f5
22. Bb5 Rd8 23. Nef3 Nf6 24. Ng5 Ne4 25. Ngxe4 dxe4 26. Nc4 Nd7 27. Bxd7 Qxd7
28. Nxb6 Qc6 29. Nc4 Ba6 30. Nxa5 Qb6 31. Nc4 Qxb3 32. Nxd6 Bxe2 33. Rxe2 Rxd6
34. Qf1 Qxa4 35. Qa1 Qxa1+ 36. Bxa1 Ra6 37. Bb2 Ra2 38. Kf2 Rb7 39. Bc1 Rxe2+
40. Kxe2 Rb1 41. Kd2 e3+ 0-1

[Event "SK Bebenhausen - Stuttgarter SF 2"]
[Site "?"]
[Date "2021.11.28"]
[Round "3.1"]
[White "Fritsch, Rolf"]
[Black "Braun, Georg"]
[Result "0-1"]
[WhiteElo "2194"]
[BlackElo "2407"]
[PlyCount "58"]
[EventDate "2021.??.??"]

1. d4 d5 2. Nf3 e6 3. c4 a6 4. cxd5 exd5 5. Bf4 Bd6 6. Bxd6 Qxd6 7. Nc3 Ne7 8.
e3 Qb6 9. Rb1 Bf5 10. Bd3 Bxd3 11. Qxd3 Qg6 12. Qxg6 hxg6 13. b4 Nd7 14. Ke2 b5
15. a4 c6 16. Ra1 O-O 17. Rhb1 Nb6 18. Ne5 f6 19. Nd3 Nf5 20. Rb2 Rfe8 21. Kf1
Nd6 22. Nc5 Kf7 23. h4 Rh8 24. g3 g5 25. axb5 Nxb5 26. Nxb5 axb5 27. Rxa8 Rxa8
28. hxg5 Nc4 29. Ke2 Nxb2 0-1

[Event "SK Bebenhausen - Stuttgarter SF 2"]
[Site "?"]
[Date "2021.11.28"]
[Round "3.2"]
[White "Braeuning, Rudolf Wilhelm"]
[Black "Schwarzburger, Lothar"]
[Result "1/2-1/2"]
[WhiteElo "2246"]
[BlackElo "2187"]
[PlyCount "131"]
[EventDate "2021.??.??"]

1. e4 c5 2. c3 d5 3. exd5 Qxd5 4. d4 e6 5. Nf3 Nc6 6. Na3 a6 7. Nc4 cxd4 8. Nb6
Qe4+ 9. Qe2 Qxe2+ 10. Bxe2 Rb8 11. Bf4 Bc5 12. Bxb8 Bxb6 13. Bd6 dxc3 14. bxc3
Ba5 15. O-O Nf6 16. c4 Ne4 17. Bg3 Bc3 18. Rac1 Bf6 19. Bd3 Ng5 20. Nxg5 Bxg5
21. Be4 Bxc1 22. Rxc1 f5 23. Bxc6+ bxc6 24. Bd6 Kf7 25. f4 Rd8 26. c5 Rd7 27.
Rb1 h6 28. Rb8 Bb7 29. Rf8+ Kg6 30. Kf2 a5 31. Ke3 a4 32. Kd4 Ba6 33. Ra8 Bf1
34. g3 Rb7 35. Rxa4 Rb2 36. Ra7 Rxh2 37. Bf8 Kh5 38. Bxg7 Rg2 39. Ke5 Bc4 40.
a4 Rxg3 41. a5 Rd3 42. Bf8 Kg4 43. Bxh6 Kf3 44. Bg5 Ra3 45. Kd6 Bd5 46. Ra8 Bc4
47. Ra7 Bd5 48. Ke5 Ra4 49. Ra8 Bc4 50. Bh6 Ke3 51. Kd6 Ke4 52. Ra7 Bd5 53. Bg5
Kd3 54. Ra8 Kc4 55. a6 Kb5 56. a7 Ka6 57. Kc7 Ra2 58. Rb8 Kxa7 59. Rb7+ Ka8 60.
Rb4 Ra5 61. Be7 Ra7+ 62. Kd6 Rb7 63. Ra4+ Ra7 64. Rd4 Kb7 65. Rb4+ Kc8 66. Bg5
1/2-1/2

[Event "SK Bebenhausen - Stuttgarter SF 2"]
[Site "?"]
[Date "2021.11.28"]
[Round "3.3"]
[White "Gabriel, Robert"]
[Black "Roth, Jürgen"]
[Result "1/2-1/2"]
[WhiteElo "2218"]
[BlackElo "2176"]
[PlyCount "105"]

1. d4 Nf6 2. Nf3 e6 3. g3 c5 4. Bg2 Nc6 5. O-O cxd4 6. Nxd4 Bc5 7. Nb3 Bb6 8.
c4 d5 9. cxd5 Nxd5 10. e4 Ndb4 11. Nc3 O-O 12. Qe2 Qd3 13. Rd1 Qxe2 14. Nxe2 a5
15. a3 Nc2 16. Rb1 a4 17. Na1 N2d4 18. Nxd4 Nxd4 19. e5 Ne2+ 20. Kf1 Nxc1 21.
Rbxc1 Ra5 22. f4 f6 23. exf6 gxf6 24. Rd6 Rb5 25. Bh3 f5 26. Rc2 Bc5 27. Rdd2
b6 28. Bg2 Ba6 29. Ke1 Be3 30. Rd6 Bc8 31. Bc6 Ra5 32. Re2 Bc5 33. Rdd2 Kf7 34.
Nc2 Be7 35. Nb4 Rd8 36. Rxd8 Bxd8 37. Rd2 Bf6 38. Bd7 Bxd7 39. Rxd7+ Ke8 40.
Rd6 Bxb2 41. Rxe6+ Kf7 42. Rxb6 Bxa3 43. Nc6 Ra8 44. Ne5+ Kg8 45. Nc4 Bc5 46.
Rb5 a3 47. Nxa3 Bxa3 48. Rxf5 Bb4+ 49. Kf2 Ra2+ 50. Kf3 Rxh2 51. Rb5 Be7 52. g4
h6 53. Rh5 1/2-1/2

[Event "SK Bebenhausen - Stuttgarter SF 2"]
[Site "?"]
[Date "2021.11.28"]
[Round "3.4"]
[White "Frick, Christoph"]
[Black "Forster, Lukas"]
[Result "1-0"]
[WhiteElo "2097"]
[BlackElo "1856"]
[PlyCount "108"]
[EventDate "2021.??.??"]

1. d4 Nf6 2. Bf4 d5 3. e3 c5 4. dxc5 Nc6 5. Bb5 Qa5+ 6. Nc3 e6 7. a3 Bd7 8. b4
Qd8 9. Nf3 Nh5 10. Bg5 Be7 11. Bxe7 Qxe7 12. O-O Qf6 13. Bxc6 bxc6 14. Qd4 O-O
15. Ne5 Qe7 16. Rfe1 f5 17. a4 Rfc8 18. Rab1 Nf6 19. f3 a5 20. bxa5 Rxa5 21.
Rb7 Qd8 22. Reb1 Be8 23. R1b6 Raa8 24. Qb4 h6 25. a5 f4 26. Qxf4 Rxa5 27. Qd4
Ra1+ 28. Kf2 Rc1 29. Qd2 Ra1 30. Ne2 Ne4+ 31. fxe4 Qf6+ 32. Nf3 dxe4 33. Qd4
exf3 34. Qxf6 gxf6 35. gxf3 Ra5 36. Re7 Rxc5 37. c3 Rb5 38. Rxb5 cxb5 39. Rxe6
Kf7 40. Rb6 Rc5 41. Rb7+ Ke6 42. e4 Bd7 43. Ke3 Kd6 44. Rb6+ Ke7 45. h4 Rh5 46.
Nf4 Rc5 47. Nd5+ Kf7 48. Rxf6+ Kg7 49. Rd6 Bc6 50. Kd4 Rc4+ 51. Kd3 Rc5 52. Ne7
Be8 53. Nf5+ Kf7 54. Rxh6 Bc6 1-0

[Event "SK Bebenhausen - Stuttgarter SF 2"]
[Site "?"]
[Date "2021.11.28"]
[Round "3.5"]
[White "Seyfried, Claus"]
[Black "Carstens, Andreas"]
[Result "0-1"]
[WhiteElo "2051"]
[BlackElo "2130"]
[PlyCount "142"]
[EventDate "2021.??.??"]

1. e4 e6 2. d4 d5 3. Nd2 Nf6 4. e5 Nfd7 5. Bd3 c5 6. c3 Nc6 7. Ne2 cxd4 8. cxd4
f6 9. exf6 Nxf6 10. Nf3 Bd6 11. O-O Qc7 12. g3 O-O 13. Bf4 e5 14. dxe5 Nxe5 15.
Nxe5 Bxe5 16. Rc1 Qd6 17. Qd2 Bh3 18. Rfe1 Ng4 19. Be4 Rad8 20. Bf3 Qb6 21.
Bxg4 Bxg4 22. Be3 d4 23. Bg5 d3 24. Nc3 Bf6 25. Bxf6 Qxf6 26. Re3 Qf5 27. Rce1
Bf3 28. Ne4 h6 29. Rxd3 Rxd3 30. Qxd3 Bxe4 31. Qxe4 Qxf2+ 32. Kh1 Qxb2 33. Qd5+
Kh8 34. Qc5 Qf2 35. Qe7 a6 36. Rc1 Rf7 37. Qe4 Qf3+ 38. Qxf3 Rxf3 39. Rc7 b5
40. Kg2 Ra3 41. Rc2 Kh7 42. Kh3 a5 43. Kg4 b4 44. Kf5 Rc3 45. Rb2 Rc5+ 46. Ke4
Kg6 47. Kd4 Rc3 48. Re2 Ra3 49. Rb2 Kf5 50. Re2 Kg4 51. Rf2 g5 52. Kc4 h5 53.
Kb5 h4 54. gxh4 Kxh4 55. Rd2 Kh3 56. Re2 g4 57. Rd2 b3 58. axb3 Rxb3+ 59. Kxa5
Rb1 60. Ka4 Rh1 61. Kb3 Rxh2 62. Rd3+ g3 63. Kc3 Re2 64. Rd7 g2 65. Kd3 Rf2 66.
Rh7+ Kg3 67. Rg7+ Kh2 68. Rh7+ Kg1 69. Ra7 Rb2 70. Ke3 Rb3+ 71. Ke2 Kh2 0-1

[Event "SK Bebenhausen - Stuttgarter SF 2"]
[Site "?"]
[Date "2021.11.28"]
[Round "3.6"]
[White "Khadempour, Farhad"]
[Black "Gabriel, Josef"]
[Result "1/2-1/2"]
[WhiteElo "2153"]
[BlackElo "2062"]
[PlyCount "143"]
[EventDate "2021.??.??"]

1. c4 g6 2. e4 Bg7 3. Nc3 d6 4. g3 Nc6 5. Bg2 e5 6. Nge2 Nge7 7. O-O h5 8. h3
Be6 9. d3 Qd7 10. Kh2 O-O-O 11. Nd5 Rdf8 12. Rb1 f5 13. exf5 gxf5 14. f4 h4 15.
Be3 hxg3+ 16. Nxg3 e4 17. Nxe7+ Qxe7 18. b4 Qf7 19. b5 Nb8 20. Qa4 d5 21. Qxa7
Rh7 22. b6 d4 23. Bd2 Rfh8 24. bxc7 Qxc7 25. Rb6 Nc6 26. Qa8+ Qb8 27. Qa4 Bd7
28. Qb3 Bf8 29. Rb1 Nd8 30. a4 Bc5 31. Rf6 Rh6 32. Rxh6 Rxh6 33. dxe4 fxe4 34.
Nxe4 Rb6 35. Qa2 Rxb1 36. Qxb1 Ne6 37. Nxc5 Nxc5 38. a5 Qd6 39. Qb4 Bc6 40. Qb6
Nd7 41. Qb4 Qg6 42. Bxc6 Qxc6 43. Kg3 Nc5 44. f5 d3 45. Be3 Qc7+ 46. Kg4 Qe5
47. Qd2 Qe4+ 48. Kg5 Nd7 49. Bf4 Kd8 50. Qb2 Qe7+ 51. f6 Qc5+ 52. Kg6 Qxc4 53.
Bg5 Qg8+ 54. Kh5 Qh7+ 55. Kg4 Qe4+ 56. Kg3 Ke8 57. h4 Ne5 58. Qb5+ Kf7 59. Qb3+
Nc4 60. h5 Qd5 61. Kh4 Qh1+ 62. Kg4 Qe4+ 63. Kg3 Qe5+ 64. Bf4 Qd5 65. Qb4 Kxf6
66. Qf8+ Qf7 67. Qd8+ Kg7 68. h6+ Kh7 69. Qxd3+ Qg6+ 70. Qxg6+ Kxg6 71. Bc7
Kxh6 72. Kf4 1/2-1/2

[Event "SK Bebenhausen - Stuttgarter SF 2"]
[Site "?"]
[Date "2021.11.28"]
[Round "3.7"]
[White "Gerstenberger, Heinz"]
[Black "Waffenschmidt, Lars"]
[Result "0-1"]
[WhiteElo "2102"]
[BlackElo "1996"]
[PlyCount "122"]
[EventDate "2021.??.??"]

1. e4 e5 2. Bc4 Bc5 3. Qg4 g6 4. Qg3 d6 5. Ne2 Nc6 6. a3 Be6 7. Bxe6 fxe6 8. d3
Nf6 9. Nbc3 O-O 10. f3 a6 11. Bh6 Rf7 12. h4 Kh8 13. Qh3 Qd7 14. g4 Rg8 15.
O-O-O b5 16. Rdf1 Nd8 17. Qh2 a5 18. Ng3 b4 19. axb4 axb4 20. Nd1 b3 21. cxb3
Qb5 22. Qc2 Nc6 23. Qc4 Nd4 24. Qxb5 Nxb5 25. Be3 Bxe3+ 26. Nxe3 Nd7 27. Ne2
Rgf8 28. Ng1 Nc5 29. Kd2 Nxb3+ 30. Kd1 N5d4 31. Rh3 Ra8 32. Nc2 Ra2 33. Rh2
Rxb2 34. Nxd4 Rb1+ 35. Ke2 Nxd4+ 36. Kf2 Rxf1+ 37. Kxf1 Nxf3 38. Nxf3 Rxf3+ 39.
Ke2 Rf4 40. Rg2 Kg7 41. Ke3 Rf8 42. Rc2 Rc8 43. Rc6 Kf7 44. Ra6 Ke7 45. Ra2 Rf8
46. g5 Rf1 47. Rh2 Rg1 48. Kf2 Rc1 49. Ke3 d5 50. Kf3 Kd6 51. Ra2 Kc5 52. Ra4
Rd1 53. Ke2 Rh1 54. exd5 exd5 55. Rg4 d4 56. Kd2 Rh2+ 57. Kd1 Kd5 58. Kc1 c5
59. Kd1 c4 60. dxc4+ Kxc4 61. Re4 Kd3 0-1

[Event "SK Bebenhausen - Stuttgarter SF 2"]
[Site "?"]
[Date "2021.11.28"]
[Round "3.8"]
[White "Kitzberger, Joachim"]
[Black "Leitherer, Johannes"]
[Result "1-0"]
[WhiteElo "2064"]
[BlackElo "1739"]
[PlyCount "113"]
[EventDate "2021.??.??"]

1. e4 e5 2. Nf3 Nc6 3. Bb5 a6 4. Ba4 Nf6 5. O-O Nxe4 6. d4 b5 7. Bb3 d5 8. Nxe5
Nxe5 9. dxe5 c6 10. Nd2 Bf5 11. Nxe4 Bxe4 12. Be3 Be7 13. a4 O-O 14. axb5 axb5
15. Qd2 Qd7 16. f3 Bg6 17. Rfe1 Qb7 18. Qd4 Rxa1 19. Rxa1 Ra8 20. Rxa8+ Qxa8
21. Qa7 Qxa7 22. Bxa7 f6 23. Bd4 Kf7 24. Kf2 fxe5 25. Bxe5 Bf6 26. Bxf6 Kxf6
27. Ke3 Ke5 28. c3 h6 29. Bd1 Bf5 30. b4 g5 31. g3 Be6 32. Bc2 Bf7 33. f4+
gxf4+ 34. gxf4+ Kd6 35. Kd4 Be8 36. Bh7 Bh5 37. Bf5 Bf3 38. Bg6 Bd1 39. Be8 Bc2
40. h4 Be4 41. h5 Bf5 42. Bg6 Bg4 43. f5 Bf3 44. f6 Bg2 45. Be8 Bf3 46. Bxc6
Bxh5 47. Bxb5 Bf7 48. Bf1 h5 49. Bh3 Be8 50. Bg2 Bf7 51. b5 h4 52. b6 Kc6 53.
c4 h3 54. cxd5+ Kd6 55. b7 Kc7 56. Bxh3 Kxb7 57. Be6 1-0

[Event "Heilbronner SV - TG Biberach"]
[Site "?"]
[Date "2021.11.28"]
[Round "3.1"]
[White "Deuer, Marius"]
[Black "Wenninger, Philipp"]
[Result "0-1"]
[WhiteElo "2282"]
[BlackElo "2389"]
[PlyCount "84"]
[EventDate "2021.??.??"]

1. c4 e5 2. Nc3 Nf6 3. Nf3 d6 4. d4 Nbd7 5. g3 g6 6. Bg2 Bg7 7. O-O O-O 8. e4
exd4 9. Nxd4 Re8 10. h3 Nc5 11. Re1 c6 12. Bf4 Ne6 13. Be3 Qc7 14. Rc1 Bd7 15.
f4 Rad8 16. Nb3 Bc8 17. f5 Nc5 18. Nxc5 dxc5 19. Qf3 Nd7 20. Rcd1 Ne5 21. Qf4
Qe7 22. Bf1 b6 23. Be2 Ba6 24. Qf1 Rxd1 25. Nxd1 Nd7 26. Bd3 Bd4 27. Bxd4 cxd4
28. b3 c5 29. Bc2 Ne5 30. Nb2 Qg5 31. Kg2 Bb7 32. Qf4 Qxf5 33. Re2 Nd7 34. Kf2
Qxh3 35. Nd3 Qh2+ 36. Ke1 Qh1+ 37. Kd2 Rxe4 38. Qc7 Rxe2+ 39. Kxe2 Qf3+ 40. Ke1
Qe3+ 41. Kf1 Be4 42. Nf2 Bf3 0-1

[Event "Heilbronner SV - TG Biberach"]
[Site "?"]
[Date "2021.11.28"]
[Round "3.2"]
[White "Kabisch, Thilo"]
[Black "Sokratov, Stanislav"]
[Result "1-0"]
[WhiteElo "2266"]
[BlackElo "2184"]
[PlyCount "61"]
[EventDate "2021.??.??"]

1. e4 c6 2. d4 d5 3. Nd2 dxe4 4. Nxe4 Nf6 5. Ng5 h6 6. N5f3 Bf5 7. Bc4 e6 8.
Ne2 Bd6 9. Bf4 O-O 10. h3 c5 11. O-O Bxf4 12. Nxf4 Qc7 13. Ne5 cxd4 14. Qxd4
Nc6 15. Nxc6 Qxc6 16. Bb3 Rfd8 17. Qe3 a5 18. a4 Qe4 19. Qg3 Qb4 20. Rfd1 Ne4
21. Qe3 Nc5 22. Nh5 Nxb3 23. Qe5 Qf8 24. cxb3 Bc2 25. Rxd8 Rxd8 26. Qxa5 Bxb3
27. Qb6 Bd1 28. Ng3 Qe7 29. a5 Rd6 30. Qa7 Ra6 31. Qb8+ 1-0

[Event "Heilbronner SV - TG Biberach"]
[Site "?"]
[Date "2021.11.28"]
[Round "3.3"]
[White "Oberst, Thomas"]
[Black "Zuferi, Enis"]
[Result "0-1"]
[WhiteElo "2255"]
[BlackElo "2317"]
[PlyCount "100"]
[EventDate "2021.??.??"]

1. c4 e5 2. Nc3 Nf6 3. d3 Nc6 4. Nf3 d5 5. cxd5 Nxd5 6. e4 Nxc3 7. bxc3 Bd6 8.
Be2 O-O 9. O-O Bg4 10. d4 Bxf3 11. Bxf3 exd4 12. Bb2 Be5 13. cxd4 Bxd4 14. Rb1
Rb8 15. Qa4 Bxb2 16. Rxb2 Qd4 17. Qa3 Rfd8 18. Rfb1 Ne5 19. Qe7 b6 20. Rb5 Nd3
21. Rf1 Rd7 22. Qa3 c5 23. h3 Ne5 24. Rbb1 Qd3 25. Rb3 Qc4 26. Rc1 Qe6 27. Be2
Rdd8 28. Qxa7 Nc6 29. Qc7 Rdc8 30. Qf4 Nd4 31. Bg4 Qe7 32. Rb2 Re8 33. f3 g6
34. Qh6 Qf6 35. Rd2 Rbd8 36. Kh1 Qe5 37. h4 Qg3 38. Rcd1 Ra8 39. Bh3 Nxf3 40.
gxf3 Qxh3+ 41. Kg1 Qg3+ 42. Rg2 Qxf3 43. Rf1 Qxe4 44. Rxf7 Kxf7 45. Qxh7+ Kf6
46. Rf2+ Ke5 47. Qc7+ Kd5 48. Qf7+ Kc6 49. Rf6+ Kb5 50. Qd7+ Ka5 0-1

[Event "Heilbronner SV - TG Biberach"]
[Site "?"]
[Date "2021.11.28"]
[Round "3.4"]
[White "Pogan, Nikolas"]
[Black "Engelhart, Achim"]
[Result "1-0"]
[WhiteElo "2202"]
[BlackElo "2070"]
[PlyCount "105"]
[EventDate "2021.??.??"]

1. Nf3 c5 2. g3 Nc6 3. Bg2 e5 4. d3 g6 5. O-O Bg7 6. a3 Nge7 7. c3 a5 8. a4 O-O
9. e4 d5 10. Na3 h6 11. exd5 Nxd5 12. Re1 Bf5 13. Nc4 Re8 14. Nfd2 Nb6 15. Ne4
Nxc4 16. dxc4 Qe7 17. Qd6 Bxe4 18. Qxe7 Rxe7 19. Bxe4 Rc8 20. Be3 b6 21. Rad1
f5 22. Bg2 e4 23. Rd6 Kf7 24. Red1 Be5 25. Rd7 g5 26. f4 gxf4 27. gxf4 Bb8 28.
Bh3 Rg8+ 29. Kf2 Ke6 30. R7d5 Rf7 31. Bc1 Bc7 32. Re1 Ne7 33. Rdd1 Kf6 34. Rd7
Rc8 35. Rg1 Ke6 36. Rgd1 Kf6 37. Re1 Ke6 38. Red1 Kf6 39. Be3 Ke6 40. b3 Bb8
41. Rb7 Bc7 42. b4 axb4 43. cxb4 cxb4 44. Bxb6 Bxf4 45. c5 Bxh2 46. a5 Bb8 47.
a6 Rcf8 48. a7 Bxa7 49. Rxa7 Nd5 50. Ra6 Ke5 51. c6 Re8 52. Ra5 e3+ 53. Ke2 1-0

[Event "Heilbronner SV - TG Biberach"]
[Site "?"]
[Date "2021.11.28"]
[Round "3.5"]
[White "Birkenmaier, Rainer"]
[Black "Tschlatscher, Thomas"]
[Result "1/2-1/2"]
[WhiteElo "2097"]
[BlackElo "2189"]
[PlyCount "91"]
[EventDate "2021.??.??"]

1. d4 Nf6 2. Nf3 d5 3. c3 e6 4. Bg5 Be7 5. Nbd2 Nbd7 6. e3 O-O 7. Bd3 Ne8 8.
Bxe7 Qxe7 9. e4 e5 10. Nxe5 dxe4 11. Bxe4 Nd6 12. O-O Nxe4 13. Nxe4 Nxe5 14.
dxe5 Qxe5 15. Re1 Be6 16. Qa4 a5 17. Ng3 Qg5 18. Qe4 Qb5 19. b3 a4 20. c4 Qa5
21. Rab1 b5 22. cxb5 Qxb5 23. bxa4 Qxa4 24. Rbc1 Qxe4 25. Nxe4 Rfc8 26. Nc3 c6
27. a4 Ra5 28. f3 Kf8 29. Kf2 Bb3 30. Rb1 Bxa4 31. Rb7 Re8 32. Ra1 Rea8 33. Ne4
Bc2 34. Rxa5 Rxa5 35. Nd6 Bg6 36. Rc7 Ra2+ 37. Kg3 Rc2 38. f4 Bh5 39. Kh4 Bd1
40. Rxf7+ Kg8 41. Rc7 h6 42. f5 Rxg2 43. Rc8+ Kh7 44. Nf7 g5+ 45. fxg6+ Rxg6
46. Ne5 1/2-1/2

[Event "Heilbronner SV - TG Biberach"]
[Site "?"]
[Date "2021.11.28"]
[Round "3.6"]
[White "Blum, Nicolas"]
[Black "Namyslo, Holger"]
[Result "1-0"]
[WhiteElo "2171"]
[BlackElo "2216"]
[PlyCount "239"]
[EventDate "2021.??.??"]

1. e4 e6 2. d3 d5 3. Nd2 Nf6 4. Ngf3 b6 5. g3 Bb7 6. Bg2 Be7 7. O-O c5 8. Re1
Nc6 9. e5 Nd7 10. Nf1 Qc7 11. Qe2 h6 12. h4 O-O-O 13. c3 Rdg8 14. N1h2 g5 15.
hxg5 hxg5 16. Ng4 Rh5 17. a3 Rgh8 18. b4 d4 19. Bb2 dxc3 20. Bxc3 Kb8 21. Qb2
Nd8 22. Rec1 Qc6 23. Kf1 Qxf3 24. Bxf3 Bxf3 25. Ke1 Bxg4 26. d4 Bf3 27. Kd2 g4
28. bxc5 Bg5+ 29. Kd3 Bxc1 30. Rxc1 Rh1 31. Rxh1 Rxh1 32. a4 Kc7 33. Qb4 Nc6
34. cxb6+ axb6 35. Qd6+ Kc8 36. Qa3 Bd5 37. Bd2 Rb1 38. Bc3 Nb4+ 39. Kd2 Rb3
40. Qa1 Na2 41. Qxa2 Rxc3 42. Qb1 Rc4 43. Ke3 Rxa4 44. Qh7 b5 45. Qxf7 Ra3+ 46.
Kd2 b4 47. Qg8+ Kc7 48. Qxg4 Ra2+ 49. Kc1 Rxf2 50. Qg5 b3 51. Qe3 Rf3 52. Qe1
Nb6 53. Qb4 Rxg3 54. Qd6+ Kb7 55. Qe7+ Kc8 56. Qc5+ Kd7 57. Qxb6 Rg2 58. Qd6+
Ke8 59. Qb8+ Kf7 60. Kd1 b2 61. Qc7+ Kg6 62. Qb8 b1=Q+ 63. Qxb1+ Kg5 64. Qd3
Kf4 65. Ke1 Rg3 66. Qd2+ Kf5 67. Qc2+ Be4 68. Qh2 Rb3 69. Qh5+ Kf4 70. Qh6+ Kg3
71. Qxe6 Re3+ 72. Kd2 Rd3+ 73. Ke2 Rxd4 74. Ke3 Ra4 75. Qg8+ Kh4 76. Qh8+ Kg4
77. Qg7+ Kh5 78. e6 Bg6 79. Qe5+ Kh6 80. e7 Ra8 81. Qf6 Kh7 82. Qh4+ Kg8 83.
Qf6 Kh7 84. Qf8 Ra3+ 85. Kf4 Ra4+ 86. Kg5 Ra5+ 87. Kf6 Ra6+ 88. Ke5 Ra1 89. Qf2
Kg8 90. Kd6 Ra8 91. Qg2 Ra6+ 92. Kd7 Ra7+ 93. Kd8 Kh7 94. Qxg6+ Kxg6 95. e8=Q+
Kg7 96. Qe5+ Kg8 97. Qd5+ Kh7 98. Ke8 Kg6 99. Qd6+ Kh7 100. Kf8 Ra8+ 101. Kf7
Ra7+ 102. Kf6 Rg7 103. Qh2+ Kg8 104. Qh5 Rg1 105. Qe8+ Kh7 106. Qe7+ Kh8 107.
Qd8+ Rg8 108. Qd4 Rg7 109. Qa1 Kh7 110. Qa8 Rg6+ 111. Kf5 Rg7 112. Qe8 Ra7 113.
Qg6+ Kh8 114. Qh6+ Kg8 115. Qe6+ Kh7 116. Kf6 Kh8 117. Qh3+ Kg8 118. Qg3+ Kh7
119. Qh2+ Kg8 120. Qg1+ 1-0

[Event "Heilbronner SV - TG Biberach"]
[Site "?"]
[Date "2021.11.28"]
[Round "3.7"]
[White "Schulze, Andreas"]
[Black "Stuermer, Robin"]
[Result "0-1"]
[WhiteElo "2079"]
[BlackElo "2205"]
[PlyCount "114"]
[EventDate "2021.??.??"]

1. e4 Nc6 2. Nf3 Nf6 3. e5 Ng4 4. d4 d6 5. h3 Nh6 6. Bxh6 gxh6 7. e6 fxe6 8.
Bc4 Bg7 9. Qe2 Qd7 10. c3 e5 11. dxe5 Nxe5 12. Nxe5 Bxe5 13. Nd2 Qf5 14. Nf1
Bd7 15. Ne3 Qg5 16. g3 O-O-O 17. O-O-O Bf6 18. h4 Qg7 19. Nd5 Rhf8 20. Rhe1 e5
21. Rd2 c6 22. Nxf6 Rxf6 23. Qe3 Qg4 24. Bb3 Kb8 25. Bd1 Qh3 26. Bh5 Be6 27. b3
Bg4 28. Bxg4 Qxg4 29. Kb2 Rf5 30. Qxh6 Rd7 31. Ree2 b5 32. a3 Kb7 33. Re1 Rf3
34. Re3 e4 35. Rxf3 Qxf3 36. Qe6 Kc7 37. b4 d5 38. Qe5+ Kb7 39. Qe6 Qf7 40. Qe5
Qg7 41. Qf4 Rf7 42. Qe3 Rf3 43. Qc5 Qe5 44. Kc2 h5 45. a4 bxa4 46. b5 Qf6 47.
bxc6+ Qxc6 48. Qb4+ Kc8 49. Qa5 Qc4 50. Qb4 Qxb4 51. cxb4 a3 52. Kb1 Rd3 53.
Rc2+ Kb7 54. Ka2 Kb6 55. Rc5 a6 56. Ka1 Rd2 57. Kb1 Rxf2 0-1

[Event "Heilbronner SV - TG Biberach"]
[Site "?"]
[Date "2021.11.28"]
[Round "3.8"]
[White "Menschner, Juergen"]
[Black "Merk, Tobias"]
[Result "0-1"]
[WhiteElo "2136"]
[BlackElo "2052"]
[PlyCount "30"]
[EventDate "2021.??.??"]

1. Nf3 d5 2. g3 Nf6 3. Bg2 e6 4. O-O Be7 5. d4 O-O 6. c4 dxc4 7. Qc2 a6 8. a4
Bd7 9. Ne5 Bc6 10. Nxc6 Nxc6 11. Rd1 Nxd4 12. Rxd4 Qxd4 13. Bxb7 Rad8 14. Nc3
Ng4 15. e3 Qd3 0-1